000 00583pam a2200181 a 4500
020 _c1575.00 (HB)
041 _aeng
_hNULL
082 _a618.2
_bHAR/CAM
100 _aHARRINGTON K.,CAMPBELL S.
245 _aA COLOUR ATLAS OF DOPPLER ULTRASONOGRAPHY IN OBSTETRICS : AN INTROD. TO ITS IN MATERNAL FETAL MEDICINE /
_cNULL.
_hTextual Documents
260 _aNULL :
_bJAYPEE BROTHERS MEDICAL PUB. ARNOLD ,
_c2002.
300 _a148 : :
_bIX ; ;
_cA4 . +
_eHB.
365 _a1575.00
700 _aCAMPBELL, S .
930 _a2418
999 _c796953
_d796953
650 _aOBST.GYNE